Statistics for Top Arms Importing Countries

Click here to take the quiz!

General Stats

  • This quiz has been taken 35,969 times
    (20,707 since last reset)
  • The average score is 15 of 20

Answer Stats

ImportsCountry% Correct
7.55 bilUnited States
96%
12.4 bilChina
95%
4.64 bilUnited Kingdom
93%
33.0 bilIndia
91%
4.07 bilJapan
87%
7.46 bilIraq
85%
25.4 bilSaudi Arabia
84%
10.1 bilPakistan
83%
9.85 bilSouth Korea
80%
11.1 bilEgypt
79%
3.90 bilIsrael
77%
12.2 bilAustralia
76%
7.71 bilTurkey
76%
5.23 bilIndonesia
72%
11.1 bilUnited Arab Emirates
62%
6.75 bilVietnam
61%
9.75 bilAlgeria
56%
5.62 bilQatar
51%
4.47 bilMorocco
50%
5.83 bilSingapore
29%

Score Distribution

Percentile by Number Answered

Percent of People with Each Score

Your Score History

You have not taken this quiz since the last reset